[Event "ChessKid Divisione 1 - Vincitori"]
[Site "Internet"]
[Date "24.05.2023"]
[Round "Vf2"]
[White "Abdusattorov, Nodirbek"]
[Black "Van Foreest, Jorden"]
[Result "1/2-1/2"]
[WhiteTitle "GM"]
[BlackTitle "GM"]
[WhiteElo "2731"]
[BlackElo "2689"]
[WhiteFideId "14204118"]
[BlackFideId "1039784"]
[EventDate "22.05.2023"]
[EventType "k.o."]

1. d4 Nf6 2. c4 g6 3. Nc3 Bg7 4. e4 d6 5. Be2 O-O 6. Be3 c5 7. d5 e6 8. Nf3 Re8
9. Nd2 Bd7 10. O-O exd5 11. cxd5 b5 12. Bxb5 Bxb5 13. Nxb5 Nxe4 14. Nc4 a6 15.
Nc3 Nxc3 16. bxc3 Qf6 17. Qa4 Rd8 18. Rab1 Nd7 19. Rb7 Ne5 20. Nxe5 Qxe5 21. c4
Qe4 22. Bg5 Rdb8 23. Qxa6 Bd4 24. Bh6 Re8 25. Qxd6 Rxa2 26. Rb8 Bxf2+ 27. Kh1
Ra8 28. Qf6 Qd4 29. Rxe8+ Rxe8 30. Qf3 f5 31. d6 Bh4 32. g3 Bf6 33. Rd1 Qxc4 34.
d7 Rd8 35. Bf4 Qe6 36. Qd5 Qxd5+ 37. Rxd5 Ra8 38. Rxc5 Kf7 39. Rc7 Rd8 40. Bd2
Be5 41. Rb7 Ke6 42. Ba5 Rxd7 43. Rxd7 Kxd7 44. Kg2 g5 45. Bd2 g4 46. Bg5 Ke6 47.
h3 h5 48. hxg4 hxg4 49. Bh6 Bf6 50. Bf4 Kd5 51. Bh6 Ke4 52. Bf4 Be5 53. Bh6 Bf6
54. Bf4 Be5 55. Bh6 Bf6 1/2-1/2

[Event "ChessKid Divisione 1 - Vincitori"]
[Site "Internet"]
[Date "24.05.2023"]
[Round "Vf3"]
[White "Van Foreest, Jorden"]
[Black "Abdusattorov, Nodirbek"]
[Result "0-1"]
[WhiteTitle "GM"]
[BlackTitle "GM"]
[WhiteElo "2689"]
[BlackElo "2731"]
[WhiteFideId "1039784"]
[BlackFideId "14204118"]
[EventDate "22.05.2023"]
[EventType "k.o."]

1. d4 d5 2. c4 dxc4 3. Nf3 Nf6 4. e3 e6 5. Bxc4 a6 6. O-O c5 7. b3 b6 8. Bb2 Bb7
9. Be2 Nbd7 10. Nbd2 Be7 11. Ne5 Nxe5 12. dxe5 Nd5 13. Bf3 Qc7 14. a3 O-O 15.
Qc2 Rfd8 16. Rac1 Rd7 17. Rfd1 Rad8 18. Ne4 Qc8 19. Qb1 Qa8 20. h3 h6 21. Ba1 a5
22. Qc2 Nxe3 23. Rxd7 Nxc2 24. Rxb7 Qxb7 25. Nf6+ Bxf6 26. Bxb7 Nxa1 27. Rxa1
Bxe5 28. Re1 Bc3 29. Re2 Rd1+ 30. Kh2 Rb1 0-1

[Event "ChessKid Divisione 1 - Vincitori"]
[Site "Internet"]
[Date "24.05.2023"]
[Round "Vf4"]
[White "Abdusattorov, Nodirbek"]
[Black "Van Foreest, Jorden"]
[Result "1/2-1/2"]
[WhiteTitle "GM"]
[BlackTitle "GM"]
[WhiteElo "2731"]
[BlackElo "2689"]
[WhiteFideId "14204118"]
[BlackFideId "1039784"]
[EventDate "22.05.2023"]
[EventType "k.o."]

1. d4 Nf6 2. c4 g6 3. g3 Bg7 4. Bg2 O-O 5. Nc3 d6 6. Nf3 Nc6 7. O-O Bd7 8. d5
Na5 9. b3 a6 10. Bb2 b5 11. Nd4 Rb8 12. cxb5 axb5 13. Rc1 b4 14. Na4 Bxa4 15.
bxa4 Nd7 16. Nc6 Nxc6 17. Bxg7 Kxg7 18. Rxc6 Nc5 19. Qd4+ Kg8 20. Rb1 Nxa4 21.
Rxb4 Nc5 22. h4 Rxb4 23. Qxb4 Qa8 24. Qc4 Qa5 25. h5 Rb8 26. Qc1 Qxa2 27. Qe3
Qb1+ 28. Kh2 Qf5 29. Bf3 g5 30. g4 Qf6 31. Rxc7 Kf8 32. Kg2 h6 33. Qa3 Qd4 34.
Qa7 Re8 35. Rb7 f5 36. e3 Qc4 37. Qa1 Kg8 38. Ra7 fxg4 39. Bd1 Qxd5+ 40. Kg1 g3
41. fxg3 Qd2 42. Qd4 Qe1+ 43. Kg2 Rf8 44. Bf3 Rxf3 45. Kxf3 Qf1+ 46. Kg4 Kf7 47.
Qd5+ Kf6 48. Qf3+ Qxf3+ 49. Kxf3 Nd3 50. g4 Ne5+ 51. Kg3 Nc4 52. Kf3 Ne5+ 53.
Kg3 Nc4 54. Kf3 Ne5+ 1/2-1/2

[Event "ChessKid Divisione 1 - Finalissima"]
[Site "Internet"]
[Date "26.05.2023"]
[Round "F1"]
[White "Abdusattorov, Nodirbek"]
[Black "Caruana, Fabiano"]
[Result "1/2-1/2"]
[WhiteTitle "GM"]
[BlackTitle "GM"]
[WhiteElo "2731"]
[BlackElo "2764"]
[WhiteFideId "14204118"]
[BlackFideId "2020009"]
[EventDate "22.05.2023"]
[EventType "k.o."]

1. d4 Nf6 2. c4 e6 3. Nf3 d5 4. Nc3 Bb4 5. Bg5 h6 6. Bd2 Nbd7 7. Rc1 c6 8. e3
O-O 9. Bd3 Bd6 10. b3 b6 11. O-O Bb7 12. Qc2 Re8 13. Rfe1 dxc4 14. bxc4 c5 15.
Ne4 Nxe4 16. Bxe4 Bxe4 17. Qxe4 e5 18. Qc6 Qe7 19. Bc3 e4 20. Nd2 Rac8 21. Qa4
Nf6 22. h3 Nh7 23. d5 f5 24. Nf1 Rf8 25. Ng3 Rf7 26. Qd1 Qh4 27. Rc2 Rcf8 28.
Rf1 Ng5 29. Be1 f4 30. Qh5 Qxh5 31. Nxh5 fxe3 32. h4 Nh7 33. f3 exf3 34. gxf3
Rxf3 35. Rxf3 Rxf3 36. Re2 g5 37. Kg2 g4 38. Bg3 Bxg3 39. Nxg3 Nf6 40. Nf1 Nh5
41. Rxe3 Nf4+ 42. Kg1 Nh3+ 43. Kg2 Rf2+ 44. Kg3 Rxf1 45. Kxg4 Nf4 46. d6 Kf7 47.
d7 Rd1 48. Kxf4 Rxd7 49. Kf5 Rd4 50. Ra3 a5 51. Rb3 Rxc4 52. Rxb6 Rxh4 53. Rb7+
Ke8 54. Ke6 Kd8 55. Kd6 Kc8 56. Rc7+ Kb8 57. Rxc5 a4 58. a3 Rd4+ 59. Kc6 Rg4 60.
Rh5 Rg6+ 61. Kd7 Kb7 62. Rh4 Ra6 63. Rb4+ Ka7 64. Kc7 Ra5 65. Rb7+ Ka8 66. Rb8+
Ka7 67. Rb7+ Ka8 68. Rb8+ Ka7 69. Rb7+ 1/2-1/2

[Event "ChessKid Divisione 1 - Finalissima"]
[Site "Internet"]
[Date "26.05.2023"]
[Round "F2"]
[White "Caruana, Fabiano"]
[Black "Abdusattorov, Nodirbek"]
[Result "0-1"]
[WhiteTitle "GM"]
[BlackTitle "GM"]
[WhiteElo "2764"]
[BlackElo "2731"]
[WhiteFideId "2020009"]
[BlackFideId "14204118"]
[EventDate "22.05.2023"]
[EventType "k.o."]

1. e4 c5 2. Nf3 Nc6 3. Bb5 d6 4. O-O Bd7 5. Re1 Nf6 6. c3 a6 7. Ba4 b5 8. Bc2
Rc8 9. a4 g6 10. axb5 axb5 11. d4 cxd4 12. cxd4 Bg4 13. Be3 Bg7 14. Nbd2 O-O 15.
h3 Bd7 16. d5 Nb4 17. Bb1 Ra8 18. Rxa8 Qxa8 19. Bd4 Rc8 20. Nf1 Qa4 21. Ne3 Qxd1
22. Rxd1 Bh6 23. g4 Bxe3 24. Bxe3 Nc2 25. Bh6 b4 26. e5 dxe5 27. Nxe5 Ba4 28. d6
Na3 29. Rd4 Nxb1 30. dxe7 Ne8 31. Rxb4 Bc2 32. Rd4 Rc7 33. Rd8 Rxe7 34. Nd7 f5
35. Nf6+ Kf7 36. Nxh7 g5 37. Bxg5 Re1+ 38. Kh2 f4 39. Rd7+ Kg8 40. Bxf4 Bxh7 41.
Kg3 Nf6 42. Rd8+ Kf7 43. Be3 Re2 44. Rb8 Nd2 45. Rb7+ Ke8 46. g5 Nf1+ 47. Kf4
Nxe3 48. fxe3 Nd7 49. h4 Bg6 50. b4 Ke7 51. Ra7 Rb2 52. Rb7 Bh5 53. e4 Ke6 54.
Ke3 Rh2 55. Ra7 Rxh4 56. Ra6+ Ke7 57. Rh6 Rh3+ 58. Kd4 Bg4 59. b5 Rb3 60. Kc4
Rb1 61. Rh7+ Kd6 62. Rh6+ Be6+ 0-1

[Event "ChessKid Divisione 1 - Finalissima"]
[Site "Internet"]
[Date "26.05.2023"]
[Round "F3"]
[White "Abdusattorov, Nodirbek"]
[Black "Caruana, Fabiano"]
[Result "0-1"]
[WhiteTitle "GM"]
[BlackTitle "GM"]
[WhiteElo "2731"]
[BlackElo "2764"]
[WhiteFideId "14204118"]
[BlackFideId "2020009"]
[EventDate "22.05.2023"]
[EventType "k.o."]

1. d4 Nf6 2. c4 e6 3. Nf3 d5 4. Nc3 Bb4 5. Qa4+ Nc6 6. a3 Bxc3+ 7. bxc3 O-O 8.
Bg5 h6 9. Bh4 Ne7 10. Bxf6 gxf6 11. e3 c5 12. Be2 Bd7 13. Qd1 dxc4 14. Bxc4 Rc8
15. Ba2 Qa5 16. O-O Bc6 17. Nd2 cxd4 18. cxd4 Qg5 19. e4 Rfd8 20. d5 exd5 21. f4
Qh4 22. Qb3 Ng6 23. Rae1 Rc7 24. Re3 dxe4 25. Nxe4 Bxe4 26. Rxe4 Rd2 27. Bb1 Rc1
28. Qf3 Rxf1+ 29. Qxf1 Qh5 30. Re8+ Kg7 31. Bxg6 Kxg6 32. f5+ Kg7 33. Re1 Qg4
34. Kh1 b5 35. h3 Qg3 36. a4 bxa4 37. Re4 Qb3 38. Qf4 Rd1+ 39. Kh2 h5 40. Rxa4
Qb6 41. Ra3 Qg1+ 42. Kg3 Qe1+ 43. Kh2 Qg1+ 44. Kg3 h4+ 45. Kxh4 Rd4 46. Qxd4
Qxd4+ 47. g4 0-1

[Event "ChessKid Divisione 1 - Finalissima"]
[Site "Internet"]
[Date "26.05.2023"]
[Round "F4"]
[White "Caruana, Fabiano"]
[Black "Abdusattorov, Nodirbek"]
[Result "0-1"]
[WhiteTitle "GM"]
[BlackTitle "GM"]
[WhiteElo "2764"]
[BlackElo "2731"]
[WhiteFideId "2020009"]
[BlackFideId "14204118"]
[EventDate "22.05.2023"]
[EventType "k.o."]

1. e4 c5 2. Nf3 Nc6 3. Bb5 d6 4. O-O Bd7 5. Re1 Nf6 6. c3 a6 7. Bf1 Bg4 8. h3
Bxf3 9. Qxf3 g6 10. d3 Bg7 11. Nd2 O-O 12. Qd1 Rc8 13. Nf3 e6 14. a3 Re8 15. g3
Nd7 16. h4 h5 17. Bg5 Bf6 18. d4 cxd4 19. cxd4 Bxg5 20. hxg5 e5 21. d5 Nd4 22.
Nxd4 exd4 23. Bh3 Rc4 24. Bxd7 Qxd7 25. b3 Rc3 26. Qxd4 Rxb3 27. e5 dxe5 28.
Rxe5 Rxe5 29. Qxe5 Rd3 30. Rc1 Rxd5 31. Qb8+ Kg7 32. Qf4 Qd8 33. Rc7 Rf5 34. Qc1
Qd4 35. Rc2 Rxg5 36. Qxg5 Qd1+ 37. Kh2 Qxc2 38. Qe5+ Kh7 39. Qd4 Qf5 40. a4 b5
41. a5 b4 42. Qxb4 Qxf2+ 43. Kh3 g5 44. Qb7 Kg7 45. Qxa6 g4+ 46. Kh4 f6 47. Qb7+
Kh6 48. Qh1 Qd2 0-1